La formación del profesorado (Record no. 20590)

MARC details
000 -LEADER
campo de control de longitud fija 01523nmc a2200493 a 4500
003 - IDENTIFICADOR DE NÚMERO DE CONTROL
campo de control AR-BaBNM
005 - FECHA Y HORA DE LA ÚLTIMA TRANSACCIÓN
campo de control 20251128211642.0
008 - DATOS DE LONGITUD FIJA--INFORMACIÓN GENERAL
campo de control de longitud fija 185020s[200 ||||||||||||||000 | spa||
020 ## - NÚMERO INTERNACIONAL ESTÁNDAR DEL LIBRO
Número Internacional Estándar del Libro 980-251-101-3
040 ## - FUENTE DE CATALOGACIÓN
Centro/agencia transcriptor AR-BaBNM
245 10 - MENCIÓN DEL TÍTULO
Título La formación del profesorado
Resto del título proyectos de formación en centros educativos
250 ## - MENCION DE EDICION
Mención de edición 1ª ed.
260 ## - PUBLICACIÓN, DISTRIBUCIÓN, ETC.
Lugar de publicación, distribución, etc. Caracas
Nombre del editor, distribuidor, etc. Laboratorio Educativo
Fecha de publicación, distribución, etc. [2001]
300 0# - DESCRIPCIÓN FÍSICA
Extensión 157 p.
490 #0 - MENCIÓN DE SERIE
Mención de serie Claves para la innovación educativa
Designación de volumen o secuencia 7
504 ## - NOTA DE BIBLIOGRAFÍA, ETC.
Nota de bibliografía, etc. Nota Incluye referencias bibliográficas al final de cada capítulo
650 #4 - PUNTO DE ACCESO ADICIONAL DE MATERIA--TÉRMINO DE MATERIA
Término de materia o nombre geográfico como elemento de entrada FORMACION DE DOCENTES
650 #4 - PUNTO DE ACCESO ADICIONAL DE MATERIA--TÉRMINO DE MATERIA
Término de materia o nombre geográfico como elemento de entrada PROYECTOS
651 #4 - PUNTO DE ACCESO ADICIONAL DE MATERIA--NOMBRE GEOGRÁFICO
Nombre geográfico España
653 ## - TÉRMINO DE INDIZACIÓN--NO CONTROLADO
Término no controlado INSTITUCIONES EDUCATIVAS
653 ## - TÉRMINO DE INDIZACIÓN--NO CONTROLADO
Término no controlado FORMACION DOCENTE CONTINUA
653 ## - TÉRMINO DE INDIZACIÓN--NO CONTROLADO
Término no controlado EXPERIENCIAS EDUCATIVAS
653 ## - TÉRMINO DE INDIZACIÓN--NO CONTROLADO
Término no controlado EDUCACION INICIAL
653 ## - TÉRMINO DE INDIZACIÓN--NO CONTROLADO
Término no controlado EDUCACION PRIMARIA
653 ## - TÉRMINO DE INDIZACIÓN--NO CONTROLADO
Término no controlado EDUCACION SECUNDARIA
700 1# - ENTRADA AGREGADA--NOMBRE PERSONAL
Nombre de persona Alonso Alvarez, Eduardo
700 1# - ENTRADA AGREGADA--NOMBRE PERSONAL
Nombre de persona Cases, Imma
700 0# - ENTRADA AGREGADA--NOMBRE PERSONAL
Nombre de persona Colén M. Teresa
700 1# - ENTRADA AGREGADA--NOMBRE PERSONAL
Nombre de persona Flor, José Ignacio
700 1# - ENTRADA AGREGADA--NOMBRE PERSONAL
Nombre de persona García Campos, Elvira
700 1# - ENTRADA AGREGADA--NOMBRE PERSONAL
Nombre de persona Imbernón, Francisco
700 1# - ENTRADA AGREGADA--NOMBRE PERSONAL
Nombre de persona Martín Rodríguez, Eustaquio
700 1# - ENTRADA AGREGADA--NOMBRE PERSONAL
Nombre de persona Mauri, Teresa
700 1# - ENTRADA AGREGADA--NOMBRE PERSONAL
Nombre de persona Mellado, Vicente
700 1# - ENTRADA AGREGADA--NOMBRE PERSONAL
Nombre de persona Rabadán, José Ma.
700 1# - ENTRADA AGREGADA--NOMBRE PERSONAL
Nombre de persona Rebenga, Alberto
700 1# - ENTRADA AGREGADA--NOMBRE PERSONAL
Nombre de persona Rodríguez Serna, Crisálida
700 1# - ENTRADA AGREGADA--NOMBRE PERSONAL
Nombre de persona Trueba, Beatriz
700 1# - ENTRADA AGREGADA--NOMBRE PERSONAL
Nombre de persona Vilarrubias, Pía
710 1# - ENTRADA AGREGADA--NOMBRE DE ENTIDAD CORPORATIVA
Nombre de entidad corporativa o nombre de jurisdicción como elemento de entrada Centro de Profesores y Recursos de Salamanca
710 1# - ENTRADA AGREGADA--NOMBRE DE ENTIDAD CORPORATIVA
Nombre de entidad corporativa o nombre de jurisdicción como elemento de entrada Colegios Rurales Agrupados de Forfoleda
942 ## - ELEMENTOS DE ENTRADA SECUNDARIOS (KOHA)
Tipo de ítem Koha Libros
998 ## - INFORMACIÓN DE CONTROL LOCAL (RLIN)
Iniciales del catalogador, CIN (RLIN) calidad
Holdings
Estatus retirado Estado de pérdida Fuente de la clasificación o esquema de estantería Estado de daño No para préstamo Biblioteca de origen Biblioteca actual Fecha de adquisición Fuente de adquisición Total de préstamos Signatura topográfica completa Código de barras Visto por última vez Precio de reemplazo Tipo de ítem Koha
    Clasificación Decimal Dewey     Liberty Liberty 28/11/2025 C-BP-0002   371.13 ALO 136821 28/11/2025 28/11/2025 Libros
    Clasificación Decimal Dewey     Liberty Liberty 28/11/2025 C-BP-0002   371.13 ALO 136822 28/11/2025 28/11/2025 Libros